1589 1121 1135 1409 1882 1989 1894 1839 1286 1238 1779 1715 1459 1290 1828 1148 1868 1246 1485 1545 1205 1407 1841 1429 1705 1097 1261 1936 1386 1553 1228 1630 1972 1099 1531 1823 1177 1835 1476 1144 1931 1665 1053 1912 1827 1653 1165 1151 1158 1594 1896 1425 1647 1090 1523 1303 1476 1646 1569 1969 1020 1450 1905 1323 1853 1753 1333 1820 1438 1103 1144 1415 1375 1150 1617 1338 1741 1825 1390 1709 1065 1990 1639 1379 1720 1037 1890 1485 1513 1208 1754 1769 1335 1139 1742 1967 1309 1206 1766 BCNSPRNW ULIB Ver.6.0+V

เปลี่ยนเป็นภาษาไทย

Change to English
 แสดงรายละเอียดบรรณานุกรม
  กลับหน้าหลัก

Brief Record : Get Marc (ISO 2709) : E-mail record : QR code < ปิดหน้าต่าง
LEADER : 00000nam 2200000uu 4500
001    13399111480
003     ULIB
008    110628s2545||||th 000 0 tha d
020    9748317951
020    9789748317958
050  4 BQ4570^bป417ก 2545
100 0  ประเวศ วะสี,^d2474-
245 10 การพัฒนามนุษย์แนวใหม่เพื่ออนาคตที่ยั่งยืน =^bNew human development for sustainable future /^cประเวศ วะสี
246 31 New human development for sustainable future
250    พิมพ์ครั้งที่ 3
260    กรุงเทพฯ :^bหมอชาวบ้าน,^c2545
300    24 หน้า ;^c21 ซม.
500    มีภาษาอังกฤษเทียบเคียง
650  7 การพัฒนาเศรษฐกิจ
650  7 คุณภาพชีวิต
650  7 ทรัพยากรมนุษย์
650  7 การพัฒนาแบบยั่งยืน
945    ^p40^l0^i017916
995    ทศพร
999 ^a ใช้งานได้ทุกระบบ
รายการนี้ยังไม่มีแท็ก
คุณยังไม่ได้ล็อกอิน คุณสามารถมีกิจกรรมร่วมกับเว็บไซต์ได้ แต่ต้องล็อกอินก่อน ::
  ล็อกอิน

รายการสื่อสารสนเทศ

ลำดับที่ ประเภท เลขเรียก/บาร์โค้ด สถานที่ สถานะ
- ไม่พบข้อมูล -

รายการใกล้เคียง
    หัวเรื่อง [การพัฒนาเศรษฐกิจ]
    หัวเรื่อง [คุณภาพชีวิต]
    หัวเรื่อง [ทรัพยากรมนุษย์]

BibComment


ยังไม่เคยถูกคอมเมนท์

คอมเมนท์ทรัพยากรรายการนี้
  คอมเมนท์: การพัฒนามนุษย์แนว..


 Copyright 2026. Bcnsprnw @Library